000 00904cab a22001935a 4500
001 L148396
008 090914e20090904xxkd f 000 0 eng d
035 _a(Sirsi) u148396
041 0 _aeng
100 1 _aBarnes, Yolande
245 0 0 _aYou've got to be bidding
260 _v2009
490 0 _aProperty Week
_v75(36) 4 September 2009, 36(1)
520 _aSavills' research reveals that the severe residential property shortage in many locations has created a boom in auction sales. Their analysis of auction buyers indicates that 67% of transactions at auction are cash purchases, the number of developers looking for small-scale plots is increasing and the amount of suitable property offered at auction is unmatched by many high-street agents. Charts.
590 _aKA
651 4 _aUnited Kingdom
_y
690 _aPROPERTY-RESIDENTIAL PROPERTY-AUCTIONEERING RESIDENTIAL PROPERTY
942 _n0
999 _c81819
_d81819